00739cam a2200205 a 4500999001500000001000500015003000900020005001700029008004100046040002800087082001800115245005000133260004700183300002400230490007000254650005700324710002000381942001200401952012000413 c6510d65102801BD-DhUAP20210106121447.0210103s1993 nyu 000 1 eng  aDLCcDLCdBD-DhUAPbeng a338.95492 BAN12aBangladesh :bimplementing structural reform. aWashington D.C. :bThe World Bank,cc1993. a219 pages ;c28 cm. aDocument of the World Bank ; vReport (World Bank), no. 11569-BD. aStructural adjustment (Economic policy)zBangladesh. aThe World Bank. 2ddccBK 00102ddc4070aUAPCLbUAPCLcGeneral Stacksd2021-01-03o338.95492 BANp3010002801r2021-01-03t1w2021-01-03yBK